01073cam a2200241 a 450000500170000000800410001702000150005803500190007304000560009204100080014810000250015624501740018126000640035530000260041950400530044565000360049865000390053465000550057365000360062871000450066471000210070971001010073020160825122430.0160825s1999 ck d fr 001 0 spa d a9589329217 a(Sirsi) 157317 aCO-BoUCMbEspañolcSandra PalaciodSandra Palacio0 aspa1 aHenao Willes, Myrian10aPolíticas públicas y universidadbestudio sobre las políticas públicas para la capacidad científica de la educación superior en ColombiacMyrian Henao Willes aBogotá (Colombia)bUniversidad Nacional de Colombiac1999 a282 páginasbtablas aIncluye referencias bibliográficas e índices17aEducación superior zColombia27aPolítica científica zColombia27aDesarrollo científico y tecnológico zColombia27aPolítica educativa zColombia2 aAsociación Colombiana de Universidades2 aFundación Ford2 aUniversidad Nacional de ColombiabInstituto de Estudios Políticos y Relaciones Internacionales